[Event "European Cities & Towns Chess Championship - Youth"]
[Site "Central Europe"]
[Date "2023.01.29"]
[Round "7.5.1"]
[White "Borodich, Miroslav"]
[Black "Capjak, David"]
[Result "1-0"]
[WhiteElo "1326"]
[BlackElo "1122"]
[BlackCountry "HR"]
[BlackFideId "14582554"]
[BlackTeam "Zagreb"]
[WhiteCountry "CY"]
[WhiteFideId "5906571"]
[WhiteTeam "Nicosia"]

1. e4 c5 2. Nf3 e6 3. d4 cxd4 4. Nxd4 Nc6 5. c4 Nf6 6. Nc3 Bb4 7. Nxc6 
bxc6 8. Bg5 h6 9. Bxf6 Qxf6 10. Qc2 O-O 11. Bd3 Rd8 12. O-O d5 13. cxd5 
cxd5 14. exd5 exd5 15. Nb5 Bb7 16. Qb3 Qe7 17. Rac1 Rac8 18. Nxa7 Rxc1 19.
 Rxc1 Re8 20. Nb5 Ba6 21. h3 Bd6 22. Nxd6 Qxd6 23. Bxa6 Qxa6 24. Qxd5 Qe2 
25. Qd7 Re7 26. Qd4 Re8 27. Qc3 Qa6 28. Re1 Rxe1+ 29. Qxe1 Qxa2 30. Qc3 
Qb1+ 31. Kh2 Qf5 32. Qd4 Qc8 33. b4 Qc7+ 34. g3 h5 35. b5 Qb7 36. b6 g6 
37. Qd8+ Kg7 38. Qc7 Qf3 39. Qe5+ Kf8 40. Qc5+ Kg8 41. Qe3 Qc6 42. Qb3 Qc5
43. Qb2 Qc8 44. b7 Qb8 45. Qb6 Kg7 46. Qa6 h4 47. Qa8 hxg3+ 48. fxg3 Qe5 
49. b8=Q Qe2+ 50. Qg2 Qh5 51. Qgb2+ Kh6 52. Q8h8+ Kg5 53. Qbe5+ f5 54. 
Qef6# 1-0

[Event "European Cities & Towns Chess Championship - Youth"]
[Site "Central Europe"]
[Date "2023.01.29"]
[Round "7.5.2"]
[White "Botica, Viseslav"]
[Black "Bannoura, Daniel"]
[Result "1-0"]
[WhiteElo "1072"]
[BlackElo "1000"]
[BlackCountry "CY"]
[BlackFideId "5909546"]
[BlackTeam "Nicosia"]
[WhiteCountry "HR"]
[WhiteFideId "14574799"]
[WhiteTeam "Zagreb"]

1. e4 e5 2. Nf3 Nf6 3. Nc3 Nc6 4. Bb5 d6 5. d4 a6 6. Bxc6+ bxc6 7. dxe5 
dxe5 8. Qxd8+ Kxd8 9. Nxe5 Ke8 10. f3 Bb7 11. Be3 Rd8 12. O-O Bd6 13. Nd3 
h5 14. e5 Be7 15. exf6 gxf6 16. Rfe1 h4 17. h3 Rg8 18. Ne4 Rd5 19. Bf4 Kd8
20. Rad1 Kc8 21. Nc3 Rd7 22. Be3 Bd6 23. Nc5 Rdd8 24. Nxb7 Kxb7 25. Ne4 
Rg6 26. Nxd6+ cxd6 27. Bf4 d5 28. Re7+ Ka8 29. Rde1 Rgg8 30. Rxf7 Rg6 31. 
Ree7 Rxg2+ 32. Kxg2 Rg8+ 33. Kh2 Rg3 34. Ra7# 1-0

[Event "European Cities & Towns Chess Championship - Youth"]
[Site "Central Europe"]
[Date "2023.01.29"]
[Round "7.5.3"]
[White "Stavrou, Christoforos"]
[Black "Kovac, Faust"]
[Result "0-1"]
[WhiteElo "1000"]
[BlackElo "1000"]
[BlackCountry "HR"]
[BlackFideId "14595338"]
[BlackTeam "Zagreb"]
[WhiteTeam "Nicosia"]

1. e4 e5 2. Nf3 Nc6 3. Bc4 Nf6 4. Ng5 d5 5. exd5 Na5 6. Bb5+ c6 7. dxc6 
bxc6 8. Ba4 h6 9. Nf3 Bg4 10. Nc3 Bb4 11. h3 Bh5 12. d3 Bxc3+ 13. bxc3 e4 
14. dxe4 Qxd1+ 15. Kxd1 Nxe4 16. Be3 Nxc3+ 17. Ke1 Nxa4 18. Kd2 Nc4+ 19. 
Ke2 Bxf3+ 20. gxf3 Nxe3 21. Kxe3 O-O 22. Rhg1 Rfe8+ 23. Kd2 Rad8+ 24. Kc1 
Rd7 25. Rg4 Nb6 26. a4 Re1+ 27. Kb2 Rxa1 28. Kxa1 Rd2 29. a5 Nd5 30. Rc4 
Rxf2 31. Rxc6 Rxf3 32. Ra6 Rxh3 33. Rxa7 Nf6 34. a6 Ra3+ 35. Kb2 Ra5 36. 
Kb3 Nd7 37. Kb4 Ra1 38. Kb5 Nb8 39. Ra8 Rb1+ 40. Ka5 Kh7 41. a7 Nc6+ 42. 
Ka6 Nxa7 43. Rxa7 Ra1+ 44. Kb6 Rxa7 45. Kxa7 Kg6 46. c4 Kf6 47. Kb6 Ke7 
48. Kc7 f5 49. c5 f4 50. c6 f3 51. Kb7 f2 52. c7 f1=Q 53. c8=Q Qb5+ 54. 
Ka7 Qa5+ 55. Kb7 Qb4+ 56. Ka7 Qd4+ 57. Kb7 Qd7+ 58. Qxd7+ Kxd7 59. Kb6 g5 
60. Kc5 g4 61. Kd4 h5 62. Ke3 Ke6 63. Kf2 Kf5 64. Kg3 Kg5 65. Kf2 Kf4 66. 
Kg2 h4 67. Kh2 g3+ 68. Kh3 Kf3 69. Kxh4 g2 70. Kh3 g1=Q 71. Kh4 Qg4# 0-1

[Event "European Cities & Towns Chess Championship - Youth"]
[Site "Central Europe"]
[Date "2023.01.29"]
[Round "7.5.4"]
[White "Malaric, Marko"]
[Black "Stylianou, Achilleas"]
[Result "1-0"]
[WhiteElo "1234"]
[BlackElo "1000"]
[BlackTeam "Nicosia"]
[WhiteCountry "HR"]
[WhiteFideId "14594960"]
[WhiteTeam "Zagreb"]

1. e4 e5 2. Nf3 Bc5 3. Bc4 Nf6 4. d3 Ng4 5. O-O O-O 6. Nc3 Qf6 7. h3 Nh6 
8. Be3 Bxe3 9. fxe3 Qb6 10. Qc1 d6 11. Nd5 Qc5 12. Bb3 Re8 13. Nc3 Be6 14.
 d4 Qb4 15. Bxe6 Rxe6 16. a3 Qa5 17. b4 Qb6 18. Nd5 Qc6 19. c4 exd4 20. 
Nxd4 Qd7 21. Nxe6 Qxe6 22. Nxc7 Na6 23. Nxe6 Re8 24. Nd4 Rxe4 25. Nb5 b6 
26. Nxd6 Re6 27. Qd2 Nc7 28. Nf5 g6 29. Nxh6+ Kg7 30. Rxf7+ Kxh6 31. e4+ 
Kh5 32. Rxh7# 1-0

[Event "European Cities & Towns Chess Championship - Youth"]
[Site "Central Europe"]
[Date "2023.01.29"]
[Round "7.6.1"]
[White "Beber, Anja"]
[Black "Tamiolakis, Grigorios"]
[Result "1-0"]
[WhiteElo "1591"]
[BlackElo "1226"]
[BlackCountry "GR"]
[BlackFideId "42143799"]
[BlackTeam "Heraklion"]
[WhiteCountry "SI"]
[WhiteFideId "14642255"]
[WhiteTeam "Ljubljana U12"]

1. e4 d5 2. exd5 Qxd5 3. Nc3 Qa5 4. d4 Nf6 5. Bc4 Bg4 6. Nf3 Nc6 7. Be3 
O-O-O 8. O-O e5 9. d5 e4 10. h3 exf3 11. hxg4 fxg2 12. Kxg2 Bb4 13. g5 
Bxc3 14. gxf6 Bxb2 15. Rb1 Bxf6 16. Qg4+ Rd7 17. dxc6 bxc6 18. Rfd1 Rd8 
19. Rxd7 Rxd7 20. Rd1 1-0

[Event "European Cities & Towns Chess Championship - Youth"]
[Site "Central Europe"]
[Date "2023.01.29"]
[Round "7.6.2"]
[White "Anastasaki, Georgia"]
[Black "Kartashov, Maksim"]
[Result "1-0"]
[WhiteElo "1000"]
[BlackElo "1000"]
[BlackCountry "SI"]
[BlackFideId "14655446"]
[BlackTeam "Ljubljana U12"]
[WhiteCountry "GR"]
[WhiteFideId "42112419"]
[WhiteTeam "Heraklion"]

1. e4 e5 2. Nf3 Nc6 3. Nc3 Nf6 4. Bb5 Bd6 5. Bxc6 dxc6 6. d3 h6 7. h3 O-O 
8. Bd2 Nh5 9. Be3 Qf6 10. Ne2 b5 11. O-O Qg6 12. Ng3 Nxg3 13. fxg3 Qxg3 
14. Bf2 Qg6 15. Nh4 Qg5 16. Qf3 f5 17. exf5 Bxf5 18. Nxf5 Rxf5 19. Qg4 Qf6
20. Bh4 Rxf1+ 21. Rxf1 Bc5+ 22. Bf2 Bxf2+ 23. Rxf2 Qe7 24. Qf5 Qc5 25. 
Qe6+ Kh8 26. Kf1 Rf8 27. Rxf8+ Qxf8+ 28. Kg1 c5 29. Qd5 b4 30. Qf3 Qxf3 
31. gxf3 g5 32. Kf2 Kg7 33. Ke3 Kf6 34. Ke4 h5 35. c3 bxc3 36. bxc3 g4 37.
 fxg4 hxg4 38. hxg4 Kg5 39. Kxe5 Kxg4 40. d4 cxd4 41. cxd4 a5 42. d5 Kg5 
43. Kd4 Kf6 44. Kc5 Ke7 45. Kb5 Kd6 46. Kxa5 Kxd5 47. a4 c5 48. Kb6 c4 49.
 a5 c3 50. a6 c2 51. a7 c1=Q 52. a8=Q+ Kd4 53. Qd8+ Kc4 54. Qc8+ Kb3 55. 
Qxc1 Ka4 56. Qb1 Ka3 57. Qb5 Ka2 58. Ka5 Ka1 59. Ka4 Ka2 60. Qb3+ Ka1 61. 
Qc3+ Kb1 62. Qb3+ Ka1 63. Qa3+ Kb1 64. Kb4 Kc2 65. Qb3+ Kc1 66. Qa2 Kd1 
67. Kc3 Ke1 68. Qd2+ Kf1 69. Kd3 Kg1 70. Qe2 Kh1 71. Ke3 Kg1 72. Kf3 Kh1 
73. Qg2# 1-0

[Event "European Cities & Towns Chess Championship - Youth"]
[Site "Central Europe"]
[Date "2023.01.29"]
[Round "7.6.3"]
[White "Kartashov, Nikita"]
[Black "Chatzisavvas, Nikolaos"]
[Result "1-0"]
[WhiteElo "1000"]
[BlackElo "1000"]
[BlackCountry "GR"]
[BlackFideId "42124247"]
[BlackTeam "Heraklion"]
[WhiteCountry "SI"]
[WhiteFideId "14655454"]
[WhiteTeam "Ljubljana U12"]

1. e4 e5 2. Nf3 Nc6 3. Nc3 Nf6 4. d4 exd4 5. Nxd4 Bb4 6. Nxc6 bxc6 7. Bg5 
Qe7 8. Qd4 Bxc3+ 9. Qxc3 Qxe4+ 10. Be2 Qe7 11. Bxf6 Qxf6 12. Qxf6 gxf6 13.
 O-O Rg8 14. Bd3 Rg7 15. Rae1+ Kf8 16. Re3 Rb8 17. b3 Rb4 18. Rd1 Rbg4 19.
 g3 h5 20. Rde1 Rg8 21. Re8+ Kg7 22. Rxg8+ Kxg8 23. Re8+ Kg7 24. Rxc8 h4 
25. Rxc7 hxg3 26. hxg3 Rd4 27. Rxa7 Kh6 28. Ra5 c5 29. Rxc5 d6 30. Rb5 Rg4
31. Be2 Re4 32. Rh5+ Kg6 33. Kf1 Rxe2 34. Kxe2 Kxh5 35. a4 f5 36. a5 Kg4 
37. a6 f4 38. gxf4 Kxf4 39. a7 Kg4 40. a8=Q f6 41. Qe4+ Kg5 42. Kf3 f5 43.
 Qf4+ Kf6 44. Qxd6+ Kg5 45. b4 Kh5 46. b5 Kh4 47. b6 Kh5 48. b7 Kg5 49. 
b8=Q Kh5 50. Qh2+ Kg5 51. Qg8+ Kf6 52. Qh6+ Ke5 53. Qhe6+ Kd4 54. Qd8+ Kc3
55. Qec8+ Kb2 56. Qb6+ Kc1 57. Qh6+ Kb2 58. Qd2 Kb1 59. Qb8+ Ka2 60. Qa5# 
1-0

[Event "European Cities & Towns Chess Championship - Youth"]
[Site "Central Europe"]
[Date "2023.01.29"]
[Round "7.6.4"]
[White "Kilaidakis, Ioannis"]
[Black "Kovacic, Jakob"]
[Result "1-0"]
[WhiteElo "1000"]
[BlackElo "1000"]
[BlackCountry "SI"]
[BlackFideId "14645645"]
[BlackTeam "Ljubljana U12"]
[WhiteCountry "GR"]
[WhiteFideId "42133564"]
[WhiteTeam "Heraklion"]

1. e4 e5 2. Nf3 Nc6 3. Bc4 Nf6 4. Ng5 d5 5. exd5 b5 6. Bxb5 Qxd5 7. Bxc6+ 
Qxc6 8. Nf3 Bd6 9. d3 Bb7 10. Nc3 h6 11. Be3 a6 12. Qe2 Bb4 13. Bd2 Bd6 
14. a3 Rb8 15. b4 O-O 16. O-O Rfe8 17. Rfe1 Ng4 18. h3 Nh2 19. Nh4 g5 20. 
Kxh2 gxh4 21. Qg4+ Kh7 22. Ne4 Be7 23. c4 Rf8 24. Qf5+ Kg7 25. f3 Bd6 26. 
c5 Bc8 27. Qf6+ Kh7 28. Qxh6+ Kg8 29. Nf6# 1-0

[Event "European Cities & Towns Chess Championship - Youth"]
[Site "Central Europe"]
[Date "2023.01.29"]
[Round "8.1.1"]
[White "Rusu, Lucas"]
[Black "Kuru, Atilla"]
[Result "0-1"]
[WhiteElo "1625"]
[BlackElo "2054"]
[BlackCountry "TR"]
[BlackFideId "51607948"]
[BlackTeam "Istanbul"]
[WhiteCountry "RO"]
[WhiteFideId "42206472"]
[WhiteTeam "Iasi"]

1. e4 e6 2. d4 d5 3. Nd2 c5 4. c3 cxd4 5. cxd4 dxe4 6. Nxe4 Nf6 7. Nxf6+ 
Qxf6 8. Nf3 Nc6 9. Bg5 Bb4+ 10. Bd2 Bxd2+ 11. Qxd2 O-O 12. Be2 Rd8 13. Rd1
Nxd4 14. Nxd4 e5 15. Qa5 exd4 16. O-O Bf5 17. Bf3 d3 18. Rd2 b6 19. Qa4 
Rac8 20. Rfd1 Rc2 21. Qf4 Rxd2 22. Rxd2 Re8 23. h3 Bg6 24. Qxf6 Re1+ 25. 
Kh2 gxf6 26. Kg3 Kf8 27. Bd1 Ke7 28. Kf3 Ke6 29. Kf4 Kd5 30. g4 Kd4 31. h4
h6 32. Kf3 h5 33. Kf4 hxg4 34. Bxg4 Re4+ 35. Kg3 Re1 36. Bd1 Be4 37. h5 
Ke5 38. f3 Bh7 39. a3 Kd4 40. Kf4 Rh1 41. Bb3 Rxh5 42. Bxf7 Re5 43. Bb3 
Re2 44. Rd1 Rxb2 45. Be6 d2 46. Bf5 Bxf5 47. Kxf5 Ke3 48. Kxf6 Kxf3 49. 
Ke5 Ke2 50. Rh1 d1=Q 51. Rh2+ Kf3 52. Rxb2 Qa1 53. Kd4 Qxb2+ 54. Kd5 Qxa3 
55. Kc6 Ke4 56. Kb7 Kd5 57. Kc7 Qe7+ 58. Kb8 Kc6 59. Kc8 Qc7# 0-1

[Event "European Cities & Towns Chess Championship - Youth"]
[Site "Central Europe"]
[Date "2023.01.29"]
[Round "8.1.2"]
[White "Uzdemir, Ali Poyraz"]
[Black "Cazacu, Iustin-Nicolas"]
[Result "1-0"]
[WhiteElo "1638"]
[BlackElo "1549"]
[BlackCountry "RO"]
[BlackFideId "42206367"]
[BlackTeam "Iasi"]
[WhiteCountry "TR"]
[WhiteFideId "51619733"]
[WhiteTeam "Istanbul"]

1. e4 e6 2. d4 d5 3. Nd2 c5 4. dxc5 Bxc5 5. Bd3 Nf6 6. Qe2 dxe4 7. Nxe4 
Nxe4 8. Bxe4 Nc6 9. Nf3 Bd7 10. O-O Qc7 11. a3 a5 12. Rd1 h6 13. Qd3 Rd8 
14. Qc3 Bf8 15. Be3 b5 16. Nd4 Rc8 17. Nxb5 Qb8 18. Rxd7 Qxb5 19. Rad1 Qa6
20. Bxc6 Qxc6 21. Rd8+ Rxd8 22. Qxc6+ Ke7 23. Qc7+ Rd7 24. Rxd7+ Kf6 25. 
Qf4+ Kg6 26. Qxf7+ Kh7 27. Bd4 Rg8 28. Qxe6 Rh8 29. Qf5+ Kg8 30. Qf7+ Kh7 
31. Qxg7+ Bxg7 32. Rxg7# 1-0

[Event "European Cities & Towns Chess Championship - Youth"]
[Site "Central Europe"]
[Date "2023.01.29"]
[Round "8.1.3"]
[White "Dumitru, Rucsandra Sofia"]
[Black "Akkara, Omer"]
[Result "0-1"]
[WhiteElo "1156"]
[BlackElo "1443"]
[BlackCountry "TR"]
[BlackFideId "26319802"]
[BlackTeam "Istanbul"]
[WhiteCountry "RO"]
[WhiteFideId "42204011"]
[WhiteTeam "Iasi"]

1. d4 Nf6 2. c4 g6 3. Nc3 d5 4. e3 Bg7 5. Bd3 c6 6. Nf3 dxc4 7. Bxc4 b5 8.
 Bd3 a6 9. O-O Bb7 10. b3 Nbd7 11. Bb2 O-O 12. Rc1 Rc8 13. Qe2 c5 14. dxc5
Nxc5 15. Bb1 Qb6 16. Rfd1 Rfd8 17. Kh1 Rxd1+ 18. Rxd1 b4 19. Na4 Nxa4 20. 
bxa4 Bc6 21. Bd3 Bxa4 22. Rb1 a5 23. Bd4 Qc7 24. Bc4 Qxc4 25. Qxc4 Rxc4 
26. Ne5 Rc2 27. h3 Rxf2 28. Kh2 Rxa2 29. Nc4 Ne4 30. Bxg7 Kxg7 31. Nxa5 
Bc2 32. Rc1 b3 33. Nc4 b2 34. Nxb2 Rxb2 35. Ra1 Bd3 36. Rd1 Be2 37. Rd7 
Bf3 38. Rxe7 Rxg2+ 39. Kh1 Ng3# 0-1

[Event "European Cities & Towns Chess Championship - Youth"]
[Site "Central Europe"]
[Date "2023.01.29"]
[Round "8.1.4"]
[White "Sahin, Zeynep Duru"]
[Black "Tcaciuc, Smaranda-Maria"]
[Result "1-0"]
[WhiteElo "1385"]
[BlackElo "1105"]
[BlackCountry "RO"]
[BlackFideId "42204992"]
[BlackTeam "Iasi"]
[WhiteCountry "TR"]
[WhiteFideId "51606550"]
[WhiteTeam "Istanbul"]

1. e4 c5 2. Nf3 e6 3. c3 Nc6 4. d4 cxd4 5. cxd4 d5 6. e5 Bb4+ 7. Nc3 Bxc3+
8. bxc3 Qa5 9. Bd2 Qd8 10. Bd3 Nge7 11. O-O O-O 12. Bxh7+ Kxh7 13. Ng5+ 
Kg8 14. Qh5 Re8 15. Qxf7+ Kh8 16. Qh5+ Kg8 17. Qh7+ Kf8 18. Qh8+ Ng8 19. 
Qh5 Re7 20. Nh7# 1-0

[Event "European Cities & Towns Chess Championship - Youth"]
[Site "Central Europe"]
[Date "2023.01.29"]
[Round "8.2.1"]
[White "Molchanov, Roman"]
[Black "Siskou, Evangelia"]
[Result "0-1"]
[WhiteElo "1329"]
[BlackElo "1502"]
[BlackCountry "GR"]
[BlackFideId "42113938"]
[BlackTeam "Thessaloniki"]
[WhiteCountry "UA"]
[WhiteFideId "34131086"]
[WhiteTeam "Lviv Chess Federation"]

1. e4 e5 2. Nf3 Nc6 3. Bc4 Bc5 4. c3 Nf6 5. d3 h6 6. Nbd2 a5 7. O-O O-O 8.
 h3 d6 9. Re1 Be6 10. Bb3 Qd7 11. Nf1 Rfe8 12. Ng3 d5 13. exd5 Bxd5 14. 
Bxd5 Nxd5 15. Ne4 Ba7 16. Qb3 a4 17. Qc2 Nde7 18. Bxh6 f5 19. Bc1 fxe4 20.
 Rxe4 Rad8 21. Nxe5 Nxe5 22. Rxe5 Qxd3 23. Qxd3 Rxd3 24. Bg5 Kf7 25. Rae1 
Rd7 26. Ra5 Nc6 27. Rxe8 Kxe8 28. Rxa4 Rd1+ 29. Kh2 Bxf2 30. Re4+ Kd7 31. 
Re2 Bc5 32. Kg3 Bd6+ 33. Kg4 Ne5+ 34. Kf5 g6+ 35. Ke4 Ke6 36. Bf4 Ra1 37. 
a3 Rd1 38. g4 Rh1 39. Kd4 c5+ 40. Ke4 Rxh3 41. Rd2 Bc7 42. Bxe5 Bxe5 43. 
Rd8 Rg3 44. Re8+ Kd6 45. Rxe5 Rxg4+ 46. Kd3 Kxe5 47. b4 cxb4 48. cxb4 b5 
49. Kc3 Kd5 50. Kb3 Rg3+ 51. Kb2 Kc4 52. Kc1 Rg2 53. a4 Kc3 54. Kd1 Kd3 
55. a5 Rg1# 0-1

[Event "European Cities & Towns Chess Championship - Youth"]
[Site "Central Europe"]
[Date "2023.01.29"]
[Round "8.2.2"]
[White "Marinidis, Stavros"]
[Black "Gavker, Markiyan"]
[Result "1/2-1/2"]
[WhiteElo "1378"]
[BlackElo "1310"]
[BlackCountry "UA"]
[BlackFideId "34133810"]
[BlackTeam "Lviv Chess Federation"]
[WhiteCountry "GR"]
[WhiteFideId "42104904"]
[WhiteTeam "Thessaloniki"]

1. e4 c5 2. Nf3 Nc6 3. d4 cxd4 4. Nxd4 d6 5. f3 Nf6 6. c4 e6 7. Nc3 Be7 8.
 Be2 O-O 9. Be3 Nxd4 10. Bxd4 e5 11. Be3 Be6 12. O-O a6 13. a4 h6 14. a5 
Rc8 15. Bb6 Qe8 16. Qd2 Bxc4 17. Bxc4 Rxc4 18. Nd5 Nxd5 19. Qxd5 Rc6 20. 
Rac1 Bd8 21. Bxd8 Rxc1 22. Rxc1 Qxd8 23. b4 Qd7 24. Rd1 Rd8 25. Rc1 Kf8 
26. Kf2 Ke7 27. g4 Rc8 28. Rxc8 Qxc8 29. b5 Qc5+ 30. Qxc5 dxc5 31. bxa6 
bxa6 32. Ke3 Kd6 33. Kd3 g5 34. Kc3 Kc7 35. Kb3 Kb7 36. Kc3 Kc7 37. Kd3 
Kd7 38. Kc3 Kd6 39. Kb3 Kc7 40. Kc3 Kd7 41. Kd3 Kd6 42. Kc3 Kc6 43. Kc4 f6
44. h3 Kd6 45. Kc3 Kc7 46. Kb3 Kc6 47. Kc4 Kd6 48. Kd3 Kc6 49. Kc4 1/2-1/2

[Event "European Cities & Towns Chess Championship - Youth"]
[Site "Central Europe"]
[Date "2023.01.29"]
[Round "8.2.3"]
[White "Hychkevych, Vitaliy"]
[Black "Misios, Konstantinos"]
[Result "1-0"]
[WhiteElo "1251"]
[BlackElo "1357"]
[BlackCountry "GR"]
[BlackFideId "42122406"]
[BlackTeam "Thessaloniki"]
[WhiteCountry "UA"]
[WhiteFideId "34127046"]
[WhiteTeam "Lviv Chess Federation"]

1. d4 Nf6 2. c4 c5 3. d5 b5 4. cxb5 g6 5. Nc3 Bg7 6. e4 O-O 7. g3 d6 8. 
Bg2 Qa5 9. Ne2 Ng4 10. O-O Ne5 11. f4 Nc4 12. e5 dxe5 13. d6 exd6 14. Bxa8
exf4 15. Bxf4 Bh3 16. Bg2 Bg4 17. Qb3 Ne5 18. Bxe5 Bxe5 19. Bd5 Qc7 20. 
Rxf7 Rxf7 21. Rf1 Bf5 22. Bxf7+ Qxf7 23. Qxf7+ Kxf7 24. g4 Ke6 25. gxf5+ 
gxf5 26. Nf4+ Kf6 27. Nfd5+ Ke6 28. a4 Nd7 29. a5 Bd4+ 30. Kh1 Ne5 31. b6 
axb6 32. axb6 Nc6 33. b7 Be5 34. Rxf5 Kxf5 35. Ne7+ 1-0

[Event "European Cities & Towns Chess Championship - Youth"]
[Site "Central Europe"]
[Date "2023.01.29"]
[Round "8.2.4"]
[White "Spagkakas, Konstantinos"]
[Black "Korchevskyi, Volodymyr"]
[Result "1-0"]
[WhiteElo "1251"]
[BlackElo "1244"]
[BlackCountry "UA"]
[BlackFideId "34157310"]
[BlackTeam "Lviv Chess Federation"]
[WhiteCountry "GR"]
[WhiteFideId "25876384"]
[WhiteTeam "Thessaloniki"]

1. c4 b6 2. Nc3 Bb7 3. Nf3 d6 4. g3 Nd7 5. Bg2 Ngf6 6. d3 g6 7. O-O Bg7 8.
 a3 O-O 9. e4 e5 10. Nh4 Nc5 11. b4 Ne6 12. Nd5 Nxd5 13. cxd5 Nd4 14. Nf3 
Nxf3+ 15. Qxf3 c6 16. dxc6 Bxc6 17. Be3 d5 18. Rac1 Bb5 19. Rfd1 d4 20. 
Bd2 Rc8 21. h4 h5 22. Bg5 f6 23. Bd2 Bd7 24. Qe2 Qe7 25. Kh2 f5 26. Bg5 
Bf6 27. Bh6 Rfe8 28. exf5 Bxf5 29. Bd5+ Kh7 30. Bd2 Qd7 31. Bg2 Qb5 32. 
Be4 Qd7 33. Bg2 Bg4 34. f3 Be6 35. Be1 Bb3 36. Rxc8 Rxc8 37. Rd2 Rc3 38. 
Bh3 Be6 39. Bg2 Rxa3 40. Rc2 Bf5 41. Rd2 Qb5 42. g4 Bxd3 43. Qf2 Bc4 44. 
gxh5 gxh5 45. Bh3 Re3 46. Bf5+ Kh8 47. Qg3 Qe8 48. Rc2 Re2+ 49. Rxe2 Bxe2 
50. Bd2 d3 51. Kh3 Bf1+ 52. Kh2 Be2 53. Kh1 Qe7 54. Qg6 Bg7 55. Qh7# 1-0

[Event "European Cities & Towns Chess Championship - Youth"]
[Site "Central Europe"]
[Date "2023.01.29"]
[Round "8.3.1"]
[White "Capjak, David"]
[Black "Gales, Randi-Ioan"]
[Result "0-1"]
[WhiteElo "1122"]
[BlackElo "1911"]
[BlackCountry "RO"]
[BlackFideId "1285360"]
[BlackTeam "CSM Galati"]
[WhiteCountry "HR"]
[WhiteFideId "14582554"]
[WhiteTeam "Zagreb"]

1. d4 Nf6 2. c4 g6 3. Nc3 Bg7 4. e4 d6 5. Nf3 O-O 6. Bg5 c5 7. d5 h6 8. 
Be3 e6 9. Be2 exd5 10. exd5 a6 11. O-O Nbd7 12. Qd2 Ng4 13. Bf4 Nde5 14. 
h3 Nxf3+ 15. Bxf3 Ne5 16. Be2 g5 17. Be3 f5 18. f4 gxf4 19. Bxf4 Kh7 20. 
Bd3 Qf6 21. Rae1 Bd7 22. Bxe5 dxe5 23. Ne4 Qb6 24. Ng3 e4 25. Be2 Qg6 26. 
Qf4 Bxb2 27. Bh5 Qg7 28. Ne2 Rg8 29. Rf2 Raf8 30. Rb1 Be5 31. Qd2 f4 32. 
Qc2 Bf5 33. Nxf4 e3 34. Bg6+ Bxg6 35. Nxg6 exf2+ 36. Kf1 Qxg6 37. Rxb7+ 
Kh8 38. Qe2 Qxg2# 0-1

[Event "European Cities & Towns Chess Championship - Youth"]
[Site "Central Europe"]
[Date "2023.01.29"]
[Round "8.3.2"]
[White "Leu, Dragos Stefan"]
[Black "Botica, Viseslav"]
[Result "1/2-1/2"]
[WhiteElo "1810"]
[BlackElo "1072"]
[BlackCountry "HR"]
[BlackFideId "14574799"]
[BlackTeam "Zagreb"]
[WhiteCountry "RO"]
[WhiteFideId "1292730"]
[WhiteTeam "CSM Galati"]

1. d4 Nf6 2. Bf4 c5 3. e3 Qb6 4. Nc3 Qxb2 5. Nb5 Nd5 6. dxc5 a6 7. Rb1 
Qxa2 8. Ra1 Qb2 9. Nf3 e6 10. Bd3 Bxc5 11. O-O O-O 12. Nc7 Nxc7 13. Bxc7 
Nc6 14. h4 b5 15. Bg3 Bb7 16. Bxh7+ Kxh7 17. Ng5+ Kg8 18. Qh5 Rfd8 19. 
Qxf7+ Kh8 20. Qh5+ Kg8 21. Qf7+ Kh8 22. Qh5+ Kg8 23. Qf7+ 1/2-1/2

[Event "European Cities & Towns Chess Championship - Youth"]
[Site "Central Europe"]
[Date "2023.01.29"]
[Round "8.3.3"]
[White "Kovac, Faust"]
[Black "Mohonea, Alexandru"]
[Result "0-1"]
[WhiteElo "1000"]
[BlackElo "1329"]
[BlackCountry "RO"]
[BlackFideId "42205077"]
[BlackTeam "CSM Galati"]
[WhiteCountry "HR"]
[WhiteFideId "14595338"]
[WhiteTeam "Zagreb"]

1. e4 c5 2. Nf3 e6 3. Be2 Qc7 4. Nc3 a6 5. d3 Nf6 6. Bg5 Be7 7. Qd2 b5 8. 
Bf4 Qd8 9. O-O-O Nc6 10. Kb1 Qb6 11. a3 a5 12. Na2 b4 13. axb4 axb4 14. c3
b3 15. Nc1 O-O 16. Ne5 Nxe5 17. Bxe5 Qb5 18. Bxf6 Bxf6 19. Nxb3 Qxb3 20. 
Bf3 Rb8 21. Rc1 Ba6 22. Be2 Rb7 23. Rc2 Ra8 24. Bf3 Bc4 25. dxc4 Ra1+ 26. 
Kxa1 Ra7+ 27. Kb1 Qa2+ 28. Kc1 Qa1# 0-1

[Event "European Cities & Towns Chess Championship - Youth"]
[Site "Central Europe"]
[Date "2023.01.29"]
[Round "8.3.4"]
[White "George, Cernencu"]
[Black "Malaric, Marko"]
[Result "0-1"]
[WhiteElo "1000"]
[BlackElo "1234"]
[BlackCountry "HR"]
[BlackFideId "14594960"]
[BlackTeam "Zagreb"]
[WhiteTeam "CSM Galati"]

1. e4 c5 2. Nc3 g6 3. f4 Bg7 4. Nf3 e6 5. Bc4 a6 6. a4 Ne7 7. O-O Nbc6 8. 
d3 O-O 9. Be3 d5 10. exd5 exd5 11. Bxc5 dxc4 12. Re1 cxd3 13. Qxd3 Qxd3 
14. cxd3 Be6 15. Rad1 Rfd8 16. d4 Nd5 17. Nxd5 Rxd5 18. Ne5 Nxe5 19. fxe5 
Rad8 20. Bb6 R8d7 21. Re2 Bxe5 22. Red2 Bg7 23. b4 Bg4 24. Rc1 Bxd4+ 25. 
Bxd4 Rxd4 26. Rc8+ Kg7 27. Rxd4 Rxd4 28. h3 Bxc8 0-1

[Event "European Cities & Towns Chess Championship - Youth"]
[Site "Central Europe"]
[Date "2023.01.29"]
[Round "8.4.1"]
[White "Dodoi, Matei-Teodor"]
[Black "Beber, Anja"]
[Result "1-0"]
[WhiteElo "1745"]
[BlackElo "1591"]
[BlackCountry "SI"]
[BlackFideId "14642255"]
[BlackTeam "Ljubljana U12"]
[WhiteCountry "RO"]
[WhiteFideId "1278029"]
[WhiteTeam "Ia?i - Region"]

1. d4 Nf6 2. c4 e6 3. Nf3 c5 4. d5 d6 5. h3 exd5 6. cxd5 g6 7. Nc3 Bg7 8. 
e4 O-O 9. Bd3 b5 10. Nxb5 Re8 11. Nc3 Nxe4 12. Bxe4 f5 13. O-O fxe4 14. 
Nd2 e3 15. fxe3 Rxe3 16. Nc4 Re8 17. Bf4 Ba6 18. Qd3 Nd7 19. b3 Nb6 20. 
Rac1 Qd7 21. Ne4 Nc8 22. Bh6 Rxe4 23. Bxg7 Rxc4 24. bxc4 Qxg7 25. Qe4 Qe7 
26. Qf4 Nb6 27. Rce1 Qd7 28. Qg5 Re8 29. Re6 Rxe6 30. dxe6 Qe8 31. e7 Nd7 
32. Qd5+ Kg7 33. Qxd6 Bxc4 34. Rc1 Bf7 35. Re1 Nf6 36. Qxc5 Qa4 37. Qe5 
Qa6 38. Rf1 Qc6 39. g4 Qb6+ 40. Kh2 h6 41. h4 Qb5 42. Qxb5 Nxg4+ 43. Kg3 
Ne3 44. Qe5+ Kg8 45. e8=Q+ Bxe8 46. Qxe8+ Kg7 47. Rf7# 1-0

[Event "European Cities & Towns Chess Championship - Youth"]
[Site "Central Europe"]
[Date "2023.01.29"]
[Round "8.4.2"]
[White "Kartashov, Maksim"]
[Black "Costache, Andrei Eugeniu"]
[Result "0-1"]
[WhiteElo "1000"]
[BlackElo "1632"]
[BlackCountry "RO"]
[BlackFideId "42206057"]
[BlackTeam "Ia?i - Region"]
[WhiteCountry "SI"]
[WhiteFideId "14655446"]
[WhiteTeam "Ljubljana U12"]

1. e4 c5 2. d4 cxd4 3. Qxd4 Nc6 4. Qd1 e6 5. Nf3 a6 6. Nc3 Qc7 7. Bc4 d6 
8. Bf4 Nf6 9. Qd2 Be7 10. O-O-O e5 11. Be3 O-O 12. Nxe5 Nxe5 13. Qe2 Qxc4 
14. Qxc4 Nxc4 15. h4 Nxe3 16. Rde1 Nxg2 17. Reg1 Nf4 18. Rh3 Nxh3 19. Rg3 
Nxf2 20. h5 Nxh5 21. e5 Nxg3 22. exd6 Bxd6 23. Nd5 Re8 24. Nb6 Bf4+ 25. 
Kb1 Re1# 0-1